Pequenas infâmias (Registo nº 247)

Detalhes MARC
000 -Etiqueta do registo
Cabeçalho 00780nam0a2200253 4500
005 - Identificador da versão
Campo de controlo 20240813121758.0
010 ## - Número internacional normalizado dos livros (ISBN)
Número (ISBN) 8497892534
021 ## - Número do Depósito Legal
Código do país PT
Número B. 51 290-2003
100 ## - Dados gerais de processamento
Dados gerais de processamento 20160509d2003 a e0pory5003 ba
102 ## - Pais de publicação ou produção
País de publicação Portugal
101 1# - Língua de publicação
Língua do texto, banda sonora, etc. Português
Língua do documento no original Espanhol
215 ## - Descrição física 
Indicação específica da natureza do documento e extensão da espécie 252, [4] p
200 1# - Titulo e menção de responsabilidade
Título próprio Pequenas infâmias
Primeira menção de responsabilidade Carmen Posadas
Outras menções de responsabilidade trad. de José Colaço Barreiros
225 2# - Colecção 
Título próprio da colecção Mil folhas
Indicação de volume 86
210 ## - Publicação, Distribuição, etc. 
Lugar da edição, distribuição, etc. Porto
Nome do editor, distribuidor, etc. Público Comunicação Social
Data da publicação, distribuição, etc. cop. 2003
606 ## - Nome comum usado como assunto
Número de registo de entrada de autoridade 0002904
Palavra de ordem Literatura uruguaia
Subdivisão de assunto Romances policiais
Código do sistema CA
675 ## - Classificação Decimal Universal (CDU)
Notação 821.134.2(899)-312.4
Edição 3ª ed.
Língua da edição por
702 #1 - Nome de autor-pessoa física (responsabilidade secundária)
Número de registo de entrada de autoridade 0002907
Palavra de ordem Barreiros
Outra parte do nome não tomada para palavra de ordem José Colaço
Código de função Tradutor
700 #1 - Nome de autor-pessoa física (responsabilidade principal)
Número de registo de entrada de autoridade 0002906
Palavra de ordem Posadas
Outra parte do nome não tomada para palavra de ordem Carmen
Datas 1953-
966 ## - Identificação da Biblioteca
Sigla EB2,3ENM
942 ## - Elementos de entrada adicionados (Koha)
Tipo de item no Koha Livro
Exemplares
Situação do levantamento Origin of item (home branch) (coded) Biblioteca de empréstimo Código de barras Cota Circulation type (not for loan) Tipo de documento Nota do exemplar Damaged status
  Biblioteca Escolar Eng. Nuno Mergulhão Biblioteca Escolar Eng. Nuno Mergulhão BENM982 82LE-3 POS   Livro Sem mensagem